000 00589nam a2200253Ia 4500
005 20260121160803.0
008 008 260114s9999 xx 000 0 eng d
020 _a9781315668284
037 _aEBOOK
040 _aCRL
040 _beng
040 _cCRL
041 _2eng
041 _aeng
084 _qCRL
100 _a Anca Pusca
_91036315
245 0 _aPost-Communist Aesthetics
260 _bTaylor and Francis
260 _c2016
856 _uhttp://www.taylorfrancis.com/books/9781315668284
942 _cEBOOK
999 _c1603131
_d1603131